000 01130nam a2200217 i 4500
001 155157
003 ES-MaACL
005 20230906205958.0
008 040726s1857 xxuabf |||| | eng d
040 _aCAM
_bspa
_cCAM
100 1 _aPerry, Matthew Calbraith.
_9151225
245 1 0 _aNarrative of the expedition of an american squadron to the China Seas and Japan
_b: performerd in the years 1852, 1853 and 1854 under the command of Commodore M.C. Perry ... /
_ccompiled from the original notes and journals of commodore Perry and his officers, et his request und under his supervision by Francis L. Hawks; with numerous illustrations.
260 _aNew York :
_bD. Appleton and Company,
_c1857.
300 _aVII, 624 p. :
_bil., maps. pleg. y h. de lám. ;
_c27 cm.
530 _aDisponible tambien en sitio web.
611 2 4 _aUnited States Naval Expedition to Japan.
_d1852-1854)
_9151226
651 0 4 _aJapón-
_xDescripción.
_98884
700 1 _aHawks, Francis L. (
_d1798-1866)
_9151227
852 _aES-MaACL
_jG-7105
_z-- Enc. tela grabada
856 _uhttp://hdl.loc.gov/loc.gdc/scd0001.00034270193
_zIr a la página
999 _c155157
_d155157